| 000 | 00420nam a2200157Ia 4500 | ||
|---|---|---|---|
| 005 | 20250212142120.0 | ||
| 008 | 231217s9999 xx 000 0 und d | ||
| 020 | _a9788178817316 | ||
| 082 | _a362.1 BHA;1 R | ||
| 100 | _aBhaskar, Danteshwari. Sumalata, B ed. | ||
| 245 | 0 | _aEffective health communication | |
| 260 |
_c2005 _bIcfai _aHyderabad |
||
| 300 | _ax, 227 | ||
| 650 | _ahealth,communication | ||
| 942 | _cAA | ||
| 999 |
_c187112 _d187112 |
||